[Event "Schweinfurt op 26th"]
[Site "Schweinfurt"]
[Date "2016.05.28"]
[Round "5"]
[White "Scheifele, Jan"]
[Black "Klonov, Sofia"]
[Result "1-0"]
[WhiteElo "906"]
[BlackElo "866"]
[PlyCount "83"]
[EventDate "2016.05.26"]
[EventType "swiss"]
[EventRounds "7"]
[EventCountry "GER"]
[SourceTitle "CBM 172 Extra"]
[Source "ChessBase"]
[SourceDate "2016.06.21"]
[SourceVersion "1"]
[SourceVersionDate "2016.06.21"]
[SourceQuality "1"]

1. e4 c5 2. Bc4 Nc6 3. Qf3 Ne5 4. Qc3 Nxc4 5. Qxc4 e5 6. Nf3 Nf6 7. Nxe5 d5 8. exd5 Nxd5 9. Qb5+ Bd7 10. Qxb7 Rb8 11. Qxd5 Be6 12. Qxd8+ Rxd8 13. 0-0 Bd5 14. Re1 Be7 15. Nc3 Be6 16. Nc6 Rd7 17. Nxe7 Rxe7 18. Re5 0-0 19. Rxc5 Bg4 20. h3 Re1+ 21. Kh2 Be6 22. b3 Rd8 23. Bb2 Rxa1 24. Bxa1 Rc8 25. Ra5 h6 26. Rxa7 Rc5 27. a4 Re5 28. a5 Re1 29. Bb2 Bf5 30. a6 Rf1 31. Ra8+ Kh7 32. a7 Rxf2 33. Rb8 Rxd2 34. a8Q Rxc2 35. Rh8+ Kg6 36. Qc6+ Kg5 37. Ne4+ Bxe4 38. Qxe4 Rxb2 39. Qe5+ f5 40. h4+ Kg4 41. Qg3+ Kh5 42. Qg5# 1-0

[Event "Schweinfurt op 26th"]
[Site "Schweinfurt"]
[Date "2016.05.26"]
[Round "2"]
[White "Ornebjerg, Henrik"]
[Black "Scheifele, Jan"]
[Result "1-0"]
[WhiteElo "1666"]
[BlackElo "906"]
[PlyCount "85"]
[EventDate "2016.05.26"]
[EventType "swiss"]
[EventRounds "7"]
[EventCountry "GER"]
[SourceTitle "CBM 172 Extra"]
[Source "ChessBase"]
[SourceDate "2016.06.21"]
[SourceVersion "1"]
[SourceVersionDate "2016.06.21"]
[SourceQuality "1"]

1. e4 e5 2. Nf3 Nc6 3. Bb5 Bd6 4. c3 a6 5. Ba4 Nf6 6. d3 0-0 7. Bg5 h6 8. Bh4 Re8 9. 0-0 b5 10. Bc2 Be7 11. d4 exd4 12. cxd4 Nb4 13. Nc3 Nxc2 14. Qxc2 Nh7 15. Bg3 Ng5 16. Ne5 Bf6 17. f4 Ne6 18. Rad1 Bh4 19. Qf2 Bxg3 20. Qxg3 Bb7 21. b4 a5 22. a3 axb4 23. axb4 Ra3 24. Rf3 Ba6 25. d5 Nf8 26. f5 Nh7 27. h4 Qe7 28. Ng4 Qxb4 29. Nxh6+ Kf8 30. Nxf7 Qc5+ 31. Kh1 Kxf7 32. Qg6+ Kg8 33. Qxe8+ Qf8 34. Qxd7 b4 35. Qe6+ Qf7 36. Nb1 Ra1 37. Rb3 Be2 38. Rc1 Kf8 39. Qc8+ Qe8 40. Rxc7 Ba6 41. Qxe8+ Kxe8 42. Rxb4 Bd3 43. Rb8# 1-0